000 00463nam a2200181Ia 4500
003 GCL
008 140319s9999 xx 000 0 eng d
040 _aGCL /
_cGCL
082 0 4 _a370.15
_bB V
100 1 _aBACUS, ANNE
245 1 0 _aVOTRE BEBE DE 1 JOUR A 1 AN /
_cBACUS, ANNE
260 _a[S.N] :
_bMARABOUT UNIVERSITE ،
_c1995
300 _a313 P
490 _aMARABOUT
_v0
650 0 4 _aEDUCATION
650 0 4 _aEDUCATIONAL PSYCHOLOGY
942 _2ddc
_cBK
999 _c22493
_d22493